| 000 | 00726nam a2200181 i 4500 | ||
|---|---|---|---|
| 001 | 78401 | ||
| 003 | ES-MaACL | ||
| 005 | 20230906173705.0 | ||
| 007 | t| | ||
| 008 | 041014s1906 sp ||||1| spa d | ||
| 100 | 1 |
_aHauser, Enrique. _962111 |
|
| 245 | 1 | 0 |
_aGrisú, hulleras y laboratorios : _bmemoria descriptiva del viaje en comisión al extranjero / _cverificado por Enrique Hauser en cumplimiento de la R.O. del Ministerio de Agricultura del 14 de febrero de 1905 ; publicado por la Escuela de Minas. |
| 260 |
_aMadrid : _b[s.n.], _c1906 ( _fEst. Tip. de E. Teodoro) |
||
| 300 |
_a45 p. ; _c23 cm. |
||
| 650 | 4 |
_aMinas de carbón. _9165080 |
|
| 710 | 2 |
_aEscuela de Minas de Madrid. _93554 |
|
| 852 |
_aES-MaACL _jT-1079-F-6 |
||
| 999 |
_c78401 _d78401 |
||